[Event "U.S. Amateur North"]
[Site "Detroit, MI"]
[Date "1998.??.??"]
[Round "?"]
[White "West, Tony"]
[Black "Jarosz, Stan"]
[Result "0-1"]
[WhiteElo "1660"]
[BlackElo "2040"]
[PlyCount "124"]
[EventDate "1998.05.??"]

{5/23} 1. e4 e6 2. d4 d5 3. exd5 exd5 4. Nf3 Nf6 5. c4 Bb4+ 6. Bd2 Qe7+ 7. Qe2
Bxd2+ 8. Nbxd2 Nc6 9. Qxe7+ Kxe7 10. cxd5 Nb4 11. Rc1 Nbxd5 12. Bc4 c6 13. O-O
Rd8 14. Rfe1+ Kf8 15. Ne4 Bf5 16. Nxf6 Nxf6 17. Re5 Bg4 18. Rce1 Bxf3 19. gxf3
Rxd4 20. b3 Re8 21. Rxe8+ Nxe8 22. Re4 Rxe4 23. fxe4 f6 24. f3 Ke7 25. Kf2 Kd6
26. Ke3 Kc5 27. a3 a5 28. f4 Nd6 29. Bg8 h6 30. e5 fxe5 31. fxe5 Nf5+ 32. Ke4
Ne7 33. Bf7 Kb6 34. e6 Kc7 35. Ke5 Kd8 36. Kd6 Nc8+ 37. Ke5 Ke7 38. Bh5 Nd6 39.
Be2 Ne8 40. b4 axb4 41. axb4 Nc7 42. Bc4 b5 43. Bb3 Na6 44. Kd4 Kd6 45. h4 g5
46. hxg5 hxg5 47. Ke4 Nxb4 48. Kf5 Ke7 49. Kxg5 c5 50. Kf4 c4 51. Bd1 Kxe6 52.
Ke4 Kd6 53. Kd4 Nc6+ 54. Kc3 Kc5 55. Kb2 b4 56. Ba4 Ne5 57. Kc2 Kd4 58. Kb2
Nd3+ 59. Kc2 Nc5 60. Bb5 b3+ 61. Kb2 c3+ 62. Kb1 c2+ 0-1

[Event "Michigan Amateur"]
[Site "Kalamazoo "]
[Date "1998.??.??"]
[Round "?"]
[White "West, Tony"]
[Black "Jackson, Don"]
[Result "1-0"]
[WhiteElo "1645"]
[BlackElo "1605"]
[PlyCount "99"]
[EventDate "1998.07.??"]

{7/18} 1. e4 e5 2. Nf3 d6 3. Bc4 Be6 4. d3 Be7 5. Nc3 c6 6. Bb3 b5 7. O-O Bg4
8. h3 Bd7 9. d4 exd4 10. Nxd4 a6 11. Bf4 c5 12. Nf5 Bxf5 13. exf5 c4 14. Qd5
Ra7 15. Nxb5 Nf6 16. Qxc4 d5 17. Qa4 Rd7 18. Nc3 O-O 19. g4 h5 20. g5 Nh7 21.
Bxb8 Nxg5 22. Kg2 Nh7 23. Bg3 Rd6 24. Bxd6 Qxd6 25. Nxd5 Bg5 26. h4 Bh6 27.
Rad1 Qb8 28. Rfe1 Qa8 29. Qe4 Kh8 30. Nc7 Qxe4+ 31. Rxe4 Nf6 32. Re7 Ng4 33.
Rxf7 Rc8 34. Rdd7 Ne5 35. Rde7 Nxf7 36. Bxf7 Bf4 37. Re8+ Rxe8 38. Nxe8 Be5 39.
b3 Kh7 40. Kf3 Kh6 41. Ke4 Bb2 42. Nd6 Bf6 43. c4 Bxh4 44. c5 Bxf2 45. c6 Bb6
46. Ne8 h4 47. c7 Bxc7 48. Nxc7 h3 49. Kf3 Kg5 50. Kg3 1-0

[Event "Michigan Open Reserve"]
[Site "Flint, MI"]
[Date "1998.??.??"]
[Round "?"]
[White "West, Tony"]
[Black "Gregg, Ted"]
[Result "1-0"]
[WhiteElo "1630"]
[BlackElo "1605"]
[PlyCount "45"]
[EventDate "1998.09.??"]

1. e4 e5 2. Nf3 Nc6 3. Bc4 Bc5 4. c3 Nf6 5. d4 exd4 6. cxd4 Bb4+ 7. Nc3 O-O 8.
O-O Bxc3 9. bxc3 Nxe4 10. d5 Na5 11. Bd3 Nf6 12. Qa4 b6 13. c4 d6 14. Bb2 Nb7
15. Qc2 Nc5 16. Bf5 Bxf5 17. Qxf5 Nce4 18. Rfe1 Re8 19. Ng5 g6 20. Nxe4 Nxe4
21. Qf4 Nc5 22. Bf6 Qd7 23. Qh6 1-0

[Event "Michigan Amateur"]
[Site "Kalamazoo "]
[Date "1998.??.??"]
[Round "?"]
[White "West, Tony"]
[Black "Coleman, John"]
[Result "0-1"]
[WhiteElo "1645"]
[BlackElo "1920"]
[PlyCount "52"]
[EventDate "1998.07.??"]

{7/19} 1. e4 c6 2. d4 d5 3. exd5 cxd5 4. c4 Nf6 5. Nf3 Nc6 6. Nc3 Bg4 7. Be3 e6
8. Be2 Bb4 9. O-O dxc4 10. Bxc4 O-O 11. a3 Ba5 12. d5 Ne5 13. Bb5 Nxf3+ 14.
gxf3 Bh3 15. Re1 Nxd5 16. Qd4 Bb6 17. Qe5 Bc7 18. Qh5 Nxc3 19. bxc3 Qd5 20.
Qxh3 Qxb5 21. Rab1 Qc6 22. Qg4 Be5 23. Bg5 f5 24. Qb4 Bxc3 25. Rxe6 Qxe6 26.
Qxc3 Qg6 0-1

[Event "U.S. Amateur North"]
[Site "Detroit, MI"]
[Date "1998.??.??"]
[Round "?"]
[White "West, Tony"]
[Black "Bohland, Jonathon"]
[Result "1-0"]
[WhiteElo "1660"]
[BlackElo "1605"]
[PlyCount "117"]
[EventDate "1998.05.??"]

{5/23} 1. e4 c5 2. Nf3 Nc6 3. d4 cxd4 4. Nxd4 d6 5. Nc3 Nf6 6. Bc4 g6 7. Be3
Bg7 8. f3 O-O 9. Qd2 Re8 10. O-O-O Bd7 11. h4 a6 12. g4 b5 13. Bb3 b4 14. Nd5
Nxd5 15. Bxd5 Rc8 16. h5 e6 17. Bb3 a5 18. hxg6 fxg6 19. Qh2 Kf7 20. Qxd6 Nxd4
21. Bxd4 Qc7 22. Bxg7 a4 23. Qxd7+ Re7 24. Qxc7 Rexc7 25. Bxa4 Kxg7 26. Rd7+
Rxd7 27. Bxd7 Rf8 28. Rf1 e5 29. Be6 Rd8 30. Bd5 h5 31. gxh5 gxh5 32. Kd2 Kg6
33. Ke3 Rc8 34. Rg1+ Kf6 35. Kd3 h4 36. c3 bxc3 37. bxc3 h3 38. Rh1 Kg5 39.
Rxh3 Kf4 40. c4 Rc7 41. Rh5 Ra7 42. Rf5+ Kg3 43. c5 Ra3+ 44. Bb3 Ra5 45. Kc4
Ra8 46. Kd5 Rd8+ 47. Kxe5 Re8+ 48. Be6 Re7 49. Kd6 Rh7 50. c6 Rh1 51. c7 Rd1+
52. Bd5 Rxd5+ 53. Kxd5 Kf2 54. c8=Q Ke3 55. Qc5+ Kd3 56. Qd4+ Kc2 57. Rh5 Kb1
58. Qd2 Ka1 59. Rh1# 1-0

[Event "Michigan Open Reserve"]
[Site "Flint, MI"]
[Date "1998.??.??"]
[Round "?"]
[White "West, Tony"]
[Black "Avery, Bill"]
[Result "1-0"]
[WhiteElo "1630"]
[BlackElo "1605"]
[PlyCount "75"]
[EventDate "1998.09.??"]

1. e4 d5 2. exd5 Qxd5 3. Nc3 Qd8 4. Nf3 g6 5. d4 Bg7 6. Bc4 Bg4 7. O-O Nf6 8.
Bxf7+ Kxf7 9. Ne5+ Ke8 10. Nxg4 Nxg4 11. Qxg4 Qxd4 12. Qc8+ Qd8 13. Qxb7 Nd7
14. Nd5 Be5 15. Bf4 Bxf4 16. Nxf4 Qc8 17. Qc6 Rb8 18. Rad1 Rb6 19. Qc3 Nf6 20.
Nd5 Kf7 21. Nxb6 axb6 22. Rfe1 Re8 23. Qc4+ e6 24. Rd3 Nd5 25. Rxd5 exd5 26.
Qxd5+ Kf8 27. Qf3+ Kg7 28. Qc3+ Kg8 29. Qc4+ Kf8 30. Rxe8+ Qxe8 31. Qf4+ Kg8
32. Qe3 Qd7 33. Qd3 Qe7 34. Kf1 Qe5 35. Qc4+ Kf8 36. Qb4+ Kf7 37. g3 Ke8 38.
Qe1 1-0

[Event "Michigan Open"]
[Site "Flint, MI"]
[Date "1998.??.??"]
[Round "?"]
[White "Ward, Tom"]
[Black "Smith, Mike A"]
[Result "1-0"]
[WhiteElo "2175"]
[BlackElo "1945"]
[PlyCount "35"]
[EventDate "1998.09.??"]

{9/5} 1. e4 c6 2. d4 d5 3. e5 Bf5 4. Nc3 e6 5. g4 Bg6 6. Nge2 f6 7. h4 fxe5 8.
h5 Be4 9. Rh3 exd4 10. Nxd4 e5 11. Ne6 Qe7 12. Nxf8 Qxf8 13. f3 Bxc2 14. Qxc2
Nd7 15. Bg5 Ngf6 16. O-O-O O-O-O 17. Nxd5 Nxd5 18. Rxd5 1-0

[Event "Michigan Open"]
[Site "Flint, MI"]
[Date "1998.??.??"]
[Round "?"]
[White "Ward, Tom"]
[Black "Jarosz, Stan"]
[Result "1-0"]
[WhiteElo "2175"]
[BlackElo "2040"]
[PlyCount "75"]
[EventDate "1998.09.??"]

{9/7} 1. e4 e6 2. d4 d5 3. Nc3 Bb4 4. e5 c5 5. a3 Bxc3+ 6. bxc3 Ne7 7. Qg4 Qc7
8. Qxg7 Rg8 9. Qxh7 cxd4 10. Ne2 Nbc6 11. f4 Bd7 12. Qd3 dxc3 13. Rb1 O-O-O 14.
Qxc3 Nf5 15. Rg1 d4 16. Qc5 Be8 17. Rb3 Rd5 18. Qc4 Qd8 19. g3 d3 20. Rxd3 Rxd3
21. Qxd3 Qb6 22. Qb3 Qc5 23. Qc3 Qxc3+ 24. Nxc3 Ncd4 25. Kf2 Nxc2 26. g4 Ne7
27. Bd3 Nd4 28. Be3 Nec6 29. h4 a6 30. h5 b5 31. Ne4 Kc7 32. Nf6 Rh8 33. Rc1
Nb3 34. Rc3 Nba5 35. g5 Nb7 36. Be4 Nbd8 37. g6 fxg6 38. hxg6 1-0

[Event "Michigan Masters/Experts"]
[Site "Grand Rapids, MI"]
[Date "1998.??.??"]
[Round "?"]
[White "Ward, Tom"]
[Black "Jarosz, Stan"]
[Result "1/2-1/2"]
[WhiteElo "2235"]
[BlackElo "2075"]
[PlyCount "61"]
[EventDate "1998.01.??"]

1. e4 e6 2. d3 d5 3. Nd2 Nf6 4. g3 Nc6 5. Bg2 dxe4 6. Nxe4 e5 7. Bg5 Be7 8.
Bxf6 Bxf6 9. Nf3 Bg4 10. h3 Bh5 11. O-O O-O 12. c3 Be7 13. g4 Bg6 14. Re1 Re8
15. Qa4 Qc8 16. Rad1 f6 17. Nh4 Bf7 18. Nf5 Bf8 19. b4 a5 20. b5 Nd8 21. d4
exd4 22. Nh6+ Kh8 23. Nxf7+ Nxf7 24. Qxd4 Rd8 25. Qe3 Rxd1 26. Rxd1 Qe8 27. Bf1
b6 28. Bc4 Nd6 29. Bd5 Rd8 30. Nxd6 Bxd6 31. Qxe8+ 1/2-1/2

[Event "Michigan Masters/Experts"]
[Site "Grand Rapids, MI"]
[Date "1998.??.??"]
[Round "?"]
[White "Ward, Tom"]
[Black "Calton, Bill"]
[Result "1/2-1/2"]
[WhiteElo "2235"]
[BlackElo "2200"]
[PlyCount "82"]
[EventDate "1998.01.??"]

1. e4 Nf6 2. e5 Nd5 3. d4 d6 4. Bc4 Nb6 5. Bb3 Bf5 6. Qf3 Qc8 7. exd6 exd6 8.
Bg5 f6 9. Qe2+ Be7 10. Bf4 Nc6 11. Nf3 d5 12. Nc3 Qd7 13. Nb5 Rc8 14. Nh4 Bg4
15. f3 Bh5 16. g4 Bf7 17. Nf5 O-O 18. O-O-O Bd8 19. Rhe1 Re8 20. Qf1 Ne7 21.
Nxe7+ Bxe7 22. Nxa7 Ra8 23. Nb5 Rec8 24. Qe2 Bf8 25. Kb1 Ra5 26. Nc3 Rca8 27.
h4 Nc8 28. g5 fxg5 29. Bxg5 Nd6 30. Qg2 c6 31. Qg4 Nf5 32. Re5 Be6 33. Rde1 Re8
34. Qxf5 Bxf5 35. Rxe8 Kf7 36. Rd8 Qc7 37. Re5 Bd7 38. h5 h6 39. Bh4 Bd6 40.
Re2 Be6 41. Rh8 Bg3 1/2-1/2

[Event "Michigan Women's"]
[Site "Ann Arbor, MI"]
[Date "1998.??.??"]
[Round "?"]
[White "Wantz, S."]
[Black "Shettlewood, Jeni"]
[Result "0-1"]
[WhiteElo "1605"]
[BlackElo "1605"]
[PlyCount "56"]
[EventDate "1998.12.??"]

1. Nf3 d5 2. d4 Nc6 3. Nc3 Nf6 4. Be3 Bf5 5. g3 e6 6. b3 Bb4 7. Qd2 O-O 8. a3
Bd6 9. b4 b6 10. h3 e5 11. O-O-O exd4 12. Bxd4 Qe7 13. g4 Bg6 14. Nh4 Nxd4 15.
Nxd5 Nxd5 16. Nxg6 hxg6 17. Qxd4 Qe6 18. Rg1 c6 19. e3 a5 20. bxa5 Rxa5 21. Qa1
Nc3 22. Kb2 Nxd1+ 23. Qxd1 Rb5+ 24. Kc1 Rd5 25. Qe1 Bxa3+ 26. Kb1 Rb5+ 27. Ka1
Qe5+ 28. Ka2 Qb2# 0-1

[Event "Michigan Women's"]
[Site "Ann Arbor, MI"]
[Date "1998.??.??"]
[Round "?"]
[White "Wantz, S."]
[Black "Artiaga, T."]
[Result "1/2-1/2"]
[WhiteElo "1605"]
[BlackElo "1605"]
[PlyCount "35"]
[EventDate "1998.12.??"]

1. d4 d5 2. Nc3 Nf6 3. e3 Bf5 4. Bd3 g6 5. Nf3 Nc6 6. h4 Qd7 7. h5 gxh5 8. Bxf5
e6 9. Bd3 O-O-O 10. O-O a6 11. e4 dxe4 12. Be2 exf3 13. Bxf3 Nxd4 14. Be3 Nb5
15. Qxd7+ Nxd7 16. Ne4 b6 17. Bxh5 Nc5 18. Ng3 {[Remainder illegible]} 1/2-1/2

[Event "Michigan Women's"]
[Site "Ann Arbor, MI"]
[Date "1998.??.??"]
[Round "?"]
[White "Wantz, I."]
[Black "Nichols, Glenda"]
[Result "1-0"]
[WhiteElo "1605"]
[BlackElo "1605"]
[PlyCount "61"]
[EventDate "1998.12.??"]

1. e4 e5 2. Bc4 Nf6 3. Nf3 Nxe4 4. d3 Nd6 5. Qd2 e4 6. dxe4 Nxc4 7. Qd1 Be7 8.
O-O Bf6 9. a4 Nxb2 10. Bxb2 Bxb2 11. Ra2 Bf6 12. Na3 O-O 13. Nd2 d6 14. Nac4
Nc6 15. Nb3 Be6 16. Qd3 Nb4 17. Qc3 Nxa2 18. Qd3 Qd7 19. Qd1 Bxc4 20. Na1 Bxf1
21. Qxf1 Bxa1 22. Qxa1 Qxa4 23. h3 Qxc2 24. Qd4 Rfe8 25. Qe3 Re5 26. Qf4 h6 27.
g3 Qd1+ 28. Kh2 Nc3 29. Kg2 Rxe4 30. Qf5 Qe1 31. Kf3 {[Remainder illegible]}
1-0

[Event "Michigan Open Reserve"]
[Site "Flint, MI"]
[Date "1998.??.??"]
[Round "?"]
[White "Walters, M."]
[Black "Laurin, Edward"]
[Result "0-1"]
[WhiteElo "1605"]
[BlackElo "1605"]
[PlyCount "48"]
[EventDate "1998.09.??"]

1. e4 e5 2. Nf3 Nc6 3. Bb5 Bc5 4. Bxc6 dxc6 5. Nxe5 Qd4 6. Nd3 Qxe4+ 7. Qe2
Qxe2+ 8. Kxe2 Bd6 9. g3 Nf6 10. Nc3 O-O 11. Re1 Re8+ 12. Kf1 Bh3+ 13. Kg1 Rxe1+
14. Nxe1 Re8 15. Nf3 Nd5 16. Nxd5 cxd5 17. d3 Re2 18. Bd2 Bc5 19. Be3 Bxe3 20.
Re1 Bxf2+ 21. Kh1 Bxe1 22. Nh4 Bd2 23. Nf3 Bg2+ 24. Kg1 Be3# 0-1

[Event "Michigan Open Reserve"]
[Site "Flint, MI"]
[Date "1998.??.??"]
[Round "?"]
[White "Walters, M."]
[Black "Jointer, William"]
[Result "0-1"]
[WhiteElo "1605"]
[BlackElo "1605"]
[PlyCount "56"]
[EventDate "1998.09.??"]

1. e4 c5 2. Nc3 Nc6 3. g3 g6 4. Nf3 Bg7 5. Na4 d6 6. c3 Nf6 7. d4 cxd4 8. Nxd4
O-O 9. Qd3 Bd7 10. Be3 Ne5 11. Qc2 Qa5 12. Bb5 Bxb5 13. b4 Qxa4 14. Qxa4 Bxa4
15. O-O Nxe4 16. f3 Nxc3 17. Rfc1 Nb5 18. Kf2 Nd3+ 19. Kg2 Nxc1 20. Rxc1 Nxd4
21. Bxd4 Bxd4 22. Rc7 Bc6 23. Rxe7 Rfe8 24. Rxe8+ Rxe8 25. g4 Re2+ 26. Kg3 g5
27. h4 Be5+ 28. f4 Bxf4+ 0-1

[Event "Michigan Open Reserve"]
[Site "Flint, MI"]
[Date "1998.??.??"]
[Round "?"]
[White "Walter, M."]
[Black "Weiner, J."]
[Result "0-1"]
[WhiteElo "1605"]
[BlackElo "1605"]
[PlyCount "66"]
[EventDate "1998.09.??"]

1. e4 c5 2. Nf3 e6 3. g3 b6 4. d3 Bb7 5. Nbd2 Be7 6. Bg2 d6 7. c4 Nd7 8. O-O
Ngf6 9. b3 O-O 10. Bb2 e5 11. Ng5 h6 12. Ngf3 Nh7 13. h4 Ndf6 14. a3 Bc8 15. b4
Rb8 16. b5 a6 17. a4 a5 18. Nh2 Be6 19. Bf3 Qd7 20. g4 Ne8 21. h5 Bg5 22. Bc1
Bf4 23. Nb3 Bxh2+ 24. Kxh2 Nef6 25. Rg1 Ng5 26. Bxg5 hxg5 27. Kh3 Nxh5 28. Kh2
Nf4 29. Kg3 g6 30. Rh1 Kg7 31. d4 Rh8 32. Rxh8 Rxh8 33. dxe5 Rh3# 0-1

[Event "Lansing Mini-Swiss.3"]
[Site "Lansing, MI"]
[Date "1998.??.??"]
[Round "?"]
[White "Vitale, J."]
[Black "Guenther, B."]
[Result "0-1"]
[WhiteElo "1605"]
[BlackElo "1605"]
[PlyCount "78"]
[EventDate "1998.??.??"]

1. d4 Nf6 2. e3 e6 3. f4 c5 4. c3 Nc6 5. Nd2 d5 6. Bd3 c4 7. Bc2 g6 8. Ngf3 Bg7
9. Ne5 Qc7 10. Ndf3 h6 11. O-O Ne4 12. Nd2 Nxd2 13. Bxd2 Nxe5 14. fxe5 Bd7 15.
Qf3 Rf8 16. e4 Bc6 17. Rfe1 O-O-O 18. Qe2 f6 19. exd5 Bxd5 20. Bxg6 fxe5 21.
Be4 exd4 22. Bxd5 exd5 23. Qe6+ Qd7 24. Qe2 dxc3 25. Bxc3 Bxc3 26. bxc3 Rde8
27. Qd2 Rxe1+ 28. Rxe1 Qd6 29. Qd4 Qb6 30. Qxb6 axb6 31. Re6 Kc7 32. Rxh6 b5
33. h4 b4 34. cxb4 c3 35. Re6 d4 36. Re1 c2 37. Rc1 d3 38. a4 Kb8 39. a5 d2 0-1

[Event "Lansing Mini-Swiss.3"]
[Site "Lansing, MI"]
[Date "1998.??.??"]
[Round "?"]
[White "Vaughn, Gerald"]
[Black "Sturgis, Derreck"]
[Result "1-0"]
[WhiteElo "1605"]
[BlackElo "1605"]
[PlyCount "39"]
[EventDate "1998.??.??"]

1. e4 e5 2. Nf3 Nc6 3. Bc4 Bc5 4. O-O h6 5. Nc3 Nf6 6. h3 a6 7. a4 O-O 8. Re1
Re8 9. d3 Nd4 10. Nxd4 Bxd4 11. Ne2 c5 12. c3 d5 13. exd5 Bxf2+ 14. Kxf2 Nxd5
15. Bxd5 Qxd5 16. Nf4 Qd8 17. Nh5 b6 18. Qf3 Ra7 19. Bxh6 g6 20. Nf6+ 1-0

[Event "Lansing Mini-Swiss.3"]
[Site "Lansing, MI"]
[Date "1998.??.??"]
[Round "?"]
[White "Vaughn, Gerald"]
[Black "Spangler, Richard"]
[Result "0-1"]
[WhiteElo "1605"]
[BlackElo "1605"]
[PlyCount "110"]
[EventDate "1998.??.??"]

1. e4 d5 2. exd5 Nf6 3. d4 Bg4 4. Bb5+ c6 5. Be2 Bxe2 6. Qxe2 Qxd5 7. Nf3 Nbd7
8. c4 Qe4 9. Be3 e5 10. O-O exd4 11. Nxd4 Bc5 12. Nc3 Qe5 13. f4 Qh5 14. Qxh5
Nxh5 15. Rae1 O-O 16. Ne4 Rfe8 17. Nxc5 Nxc5 18. Nf5 Nd3 19. Re2 Ndxf4 20. Rd2
Re4 21. Rfd1 g6 22. Bxf4 Nxf4 23. Rd8+ Re8 24. Rxa8 Rxa8 25. Nd6 Rd8 26. c5 b6
27. b4 Ne2+ 28. Kf2 Nc3 29. Rd2 Kf8 30. Kg3 Ke7 31. Rf2 f5 32. Rf3 Ne4+ 33.
Nxe4 fxe4 34. Re3 Rd3 35. Kf2 Rd4 36. a3 Ke6 37. Kg3 Ke5 38. h4 h5 39. Kf2 bxc5
40. bxc5 a5 41. Rc3 Kd5 42. Ke3 Rc4 43. Rxc4 Kxc4 44. Kxe4 Kxc5 45. Kd3 Kd5 46.
a4 c5 47. g3 c4+ 48. Kc3 Kc5 49. Kb2 Kb4 50. Kc2 c3 51. Kb1 Kxa4 52. Ka2 Kb4
53. Kb1 Kb3 54. Kc1 c2 55. Kd2 Kb2 0-1

[Event "U.S. Amateur North"]
[Site "Detroit, MI"]
[Date "1998.??.??"]
[Round "?"]
[White "Vaughn, Gerald"]
[Black "Rogers, Bradley"]
[Result "0-1"]
[WhiteElo "1605"]
[BlackElo "2105"]
[PlyCount "118"]
[EventDate "1998.05.??"]

{5/23} 1. d4 Nf6 2. Nf3 g6 3. Bg5 Bg7 4. c4 Ne4 5. Bf4 c5 6. e3 Nc6 7. Nbd2 Qa5
8. Ne5 cxd4 9. Nd3 dxe3 10. Bxe3 f5 11. Be2 d6 12. O-O O-O 13. Qc2 Nxd2 14.
Bxd2 Qc7 15. Nf4 Nd4 16. Qd3 e5 17. Nd5 Qf7 18. f3 Be6 19. Ne3 f4 20. Ng4 Bf5
21. Qa3 Nxe2+ 22. Kh1 h5 23. Nf2 Qf6 24. Rae1 Ng3+ 25. hxg3 fxg3 26. Nh3 Qh4
27. Bg5 Qxc4 28. Qb3 Qxb3 29. axb3 Rac8 30. Rc1 d5 31. Bh4 d4 32. Bxg3 Rxc1 33.
Rxc1 Rc8 34. Rxc8+ Bxc8 35. Nf2 Bf5 36. Ne4 Bxe4 37. fxe4 Kf7 38. Kg1 Ke6 39.
Kf1 Bh6 40. Ke2 Bc1 41. Kd3 Bxb2 42. Bh4 Bc1 43. Be1 b5 44. b4 Bh6 45. Bf2 Bf8
46. Be1 Be7 47. Bd2 g5 48. Be1 h4 49. Bd2 g4 50. Ke2 Kf7 51. Be1 Kg6 52. Kf1
Kh5 53. Kf2 Bg5 54. Ke2 h3 55. gxh3 gxh3 56. Kf3 d3 57. Bg3 Bf4 58. Bxf4 exf4
59. e5 h2 0-1

[Event "U.S. Amateur North"]
[Site "Detroit, MI"]
[Date "1998.??.??"]
[Round "?"]
[White "Vaughn, Gerald"]
[Black "Ohlemacher, Scott"]
[Result "1-0"]
[WhiteElo "1605"]
[BlackElo "1605"]
[PlyCount "125"]
[EventDate "1998.05.??"]

{5/23} 1. e4 c5 2. Nf3 d6 3. d4 cxd4 4. Nxd4 Nc6 5. Be3 Bd7 6. c4 Nf6 7. Nc3 g6
8. Be2 Bg7 9. O-O O-O 10. f4 a6 11. f5 Nxd4 12. Bxd4 Bc6 13. fxg6 fxg6 14. e5
dxe5 15. Bxe5 Qb6+ 16. Bd4 Qxb2 17. Nd5 Qa3 18. Nc7 Rac8 19. Ne6 Rfe8 20. Nxg7
Kxg7 21. Bb6 Qc3 22. Bd4 Qa5 23. Qc1 b5 24. Qg5 Rf8 25. Rf2 Rf7 26. Bg4 Rd8 27.
Qe5 Bd7 28. Qe3 Bxg4 29. Bb6 Qa4 30. Bxd8 Qxc4 31. Bxe7 Nd5 32. Qe5+ Kg8 33.
Rxf7 Kxf7 34. Bg5 Qc5+ 35. Be3 Qxe3+ 36. Qxe3 Nxe3 37. Kf2 Nc2 38. Rc1 Nb4 39.
Rc7+ Kg8 40. a3 Nd3+ 41. Ke3 Ne5 42. Kf4 Nc4 43. Kxg4 Nxa3 44. Ra7 Nc4 45. Rxa6
b4 46. Ra4 Ne3+ 47. Kf3 Nc2 48. Ra2 b3 49. Rb2 Na1 50. Ke2 h5 51. Rb1 Nc2 52.
Kd2 Nd4 53. Kc3 Ne2+ 54. Kxb3 Nd4+ 55. Kc4 Nc6 56. Kc5 Ne5 57. Rb7 Nd3+ 58. Kd6
Nf4 59. g3 Nh3 60. Ke6 Ng5+ 61. Kf6 Ne4+ 62. Kxg6 Kf8 63. Kxh5 {[Remainder
illegible]} 1-0

[Event "U.S. Amateur North"]
[Site "Detroit, MI"]
[Date "1998.??.??"]
[Round "?"]
[White "Vaughn, Gerald"]
[Black "Miller, K."]
[Result "0-1"]
[WhiteElo "1605"]
[BlackElo "1605"]
[PlyCount "106"]
[EventDate "1998.05.??"]

{5/24} 1. e4 d5 2. exd5 Nf6 3. c4 e6 4. Qa4+ Bd7 5. Qb3 b6 6. dxe6 Bxe6 7. Qf3
Nbd7 8. Qc6 Bd6 9. Nf3 O-O 10. d4 Re8 11. Be2 Bg4 12. h3 Bh5 13. Be3 Bb4+ 14.
Nbd2 Ne4 15. Rd1 Bxf3 16. Bxf3 Nxd2 17. Rxd2 Bxd2+ 18. Kxd2 Rb8 19. Re1 Ne5 20.
Qa4 Nxf3+ 21. gxf3 a5 22. Qc2 Qf6 23. Qd1 Rbd8 24. Kc1 c5 25. d5 Qh4 26. b3
Qxh3 27. Rh1 Qf5 28. Rh4 h6 29. Qd2 Qf6 30. Re4 Qa1+ 31. Kc2 Qxa2+ 32. Kc3
Qxd2+ 33. Bxd2 Rxe4 34. fxe4 f6 35. Bf4 Rd7 36. Kd3 g5 37. Bg3 Kg7 38. Ke3 h5
39. f4 Kg6 40. f5+ Kf7 41. Kf3 b5 42. Bf2 bxc4 43. bxc4 a4 44. Bxc5 Rc7 45. Ba3
Rxc4 46. Bb2 a3 47. Ba1 Rc1 48. Bd4 a2 49. e5 fxe5 50. Bxe5 a1=Q 51. Bxa1 Rxa1
52. Ke4 Kf6 53. d6 Rd1 0-1

[Event "Lansing Mini-Swiss.2"]
[Site "Lansing, MI"]
[Date "1998.??.??"]
[Round "?"]
[White "Vaughn, Gerald"]
[Black "Lindsay, F."]
[Result "0-1"]
[WhiteElo "1605"]
[BlackElo "2400"]
[PlyCount "68"]
[EventDate "1998.??.??"]

1. e4 c5 2. Nf3 Nc6 3. d4 cxd4 4. Nxd4 g6 5. c4 Nf6 6. Nc3 d6 7. Be3 Ng4 8.
Nxc6 bxc6 9. Bd2 Qb6 10. Qe2 Qxb2 11. Rb1 Qa3 12. h3 Ne5 13. f4 Nd7 14. Qf3 Bg7
15. Rb3 Qa5 16. Nd5 Qd8 17. Ne3 O-O 18. Be2 Nc5 19. Rb1 Ba6 20. O-O Ne6 21. Nc2
Rb8 22. Rb3 Qc7 23. Rfb1 Nc5 24. Rb4 Rxb4 25. Nxb4 Bb7 26. Nc2 f5 27. exf5 gxf5
28. Qe3 Rf6 29. Bf3 Re6 30. Qf2 Bc8 31. Nd4 Rg6 32. Bxc6 Bxd4 33. Qxd4 Qxc6 34.
Bc3 Qxg2# 0-1

[Event "Michigan Class D/E"]
[Site "Grand Rapids, MI"]
[Date "1998.??.??"]
[Round "?"]
[White "Vaughn, Gerald"]
[Black "Kotman, Stuart"]
[Result "1-0"]
[WhiteElo "1605"]
[BlackElo "1605"]
[PlyCount "70"]
[EventDate "1998.01.??"]

1. h4 d5 2. d4 Nf6 3. c4 e6 4. Nc3 Nbd7 5. Nf3 Be7 6. h5 h6 7. Bf4 dxc4 8. e4
Bb4 9. Qc2 O-O 10. Bxc4 c5 11. a3 cxd4 12. axb4 dxc3 13. bxc3 Qe7 14. Qd2 Nxe4
15. Qe3 Nef6 16. Bxh6 Ng4 17. Qg5 Qxg5 18. Bxg5 Nb6 19. Bd3 f6 20. h6 gxh6 21.
Bxh6 Nxh6 22. Rxh6 Rf7 23. O-O-O Bd7 24. Rdh1 Kf8 25. Bg6 Rg7 26. Nh4 Ke7 27.
Be4 Rc8 28. Ng6+ Kd6 29. Rd1+ Kc7 30. Nf4 Rf8 31. Nd3 Bc6 32. Bxc6 Kxc6 33. Nf4
Rg4 34. Nxe6 Re8 35. Rxf6 Kb5 1-0

[Event "Lansing Mini-Swiss.2"]
[Site "Lansing, MI"]
[Date "1998.??.??"]
[Round "?"]
[White "Vaughn, Gerald"]
[Black "Jointer, William"]
[Result "0-1"]
[WhiteElo "1605"]
[BlackElo "1620"]
[PlyCount "96"]
[EventDate "1998.??.??"]

1. e4 c5 2. Nf3 Nc6 3. d4 cxd4 4. Nxd4 Nf6 5. Nc3 g6 6. f3 Bg7 7. Be3 O-O 8.
Be2 d5 9. O-O dxe4 10. Nxc6 bxc6 11. Nxe4 Nd5 12. Bd4 e5 13. Bc5 Re8 14. Nd6
Re6 15. Ne4 Bb7 16. Qd2 Qh4 17. Qg5 Qxg5 18. Nxg5 Ree8 19. Bc4 h6 20. Ne4 Bf8
21. Bxd5 cxd5 22. Nf6+ Kh8 23. Bxf8 Rxf8 24. Rad1 Rfd8 25. Ng4 Rac8 26. Nxe5
Kg7 27. c3 Re8 28. Nd3 Re2 29. a3 Ba6 30. Rfe1 Bxd3 31. Rxe2 Bxe2 32. Rxd5 Bc4
33. Rd2 Re8 34. h4 Re2 35. Rxe2 Bxe2 36. Kf2 Bc4 37. f4 Kf6 38. Ke3 Kf5 39. b4
Kg4 40. Kd4 Bb5 41. c4 Bc6 42. b5 Bxg2 43. c5 Kxf4 44. c6 g5 45. c7 Bb7 46.
hxg5 hxg5 47. Kd3 g4 48. Ke2 Ke5 0-1

[Event "Lansing Mini-Swiss.3"]
[Site "Lansing, MI"]
[Date "1998.??.??"]
[Round "?"]
[White "Vaughn, Gerald"]
[Black "Haddad, Wade"]
[Result "1-0"]
[WhiteElo "1605"]
[BlackElo "1605"]
[PlyCount "95"]
[EventDate "1998.??.??"]

1. e4 e5 2. Nf3 Nc6 3. Bc4 Be7 4. d3 Nf6 5. O-O O-O 6. Nc3 a6 7. a4 d6 8. h3
Bd7 9. Be3 Nb4 10. Qd2 c5 11. Ne2 Qc7 12. c3 Nc6 13. Ne1 Na7 14. f4 exf4 15.
Nxf4 Bc6 16. Nf3 b5 17. axb5 axb5 18. Ba2 c4 19. Ng5 Qb7 20. dxc4 bxc4 21. Bxc4
Nxe4 22. Nxe4 Bxe4 23. Bxa7 Rxa7 24. Qd4 Rxa1 25. Rxa1 Qxb2 26. Re1 Bf6 27.
Qxe4 Qxc3 28. Bd3 Qd4+ 29. Qxd4 Bxd4+ 30. Kf1 Be5 31. Nd5 f5 32. Bc4 g6 33. Ra1
Kg7 34. Ra7+ Kh6 35. Be2 f4 36. Bf3 Rb8 37. Ra2 Kg5 38. Nc7 h5 39. Ne6+ Kf5 40.
Nc7 g5 41. Bxh5 Rb1+ 42. Ke2 Rg1 43. Bg4+ Kg6 44. Bf3 Kf5 45. Ra8 Rb1 46. Rf8+
Kg6 47. Be4+ Kg7 48. Ne6+ 1-0

[Event "Michigan Class D/E"]
[Site "Grand Rapids, MI"]
[Date "1998.??.??"]
[Round "?"]
[White "Vaughn, Gerald"]
[Black "Frelander, Marc"]
[Result "1-0"]
[WhiteElo "1605"]
[BlackElo "1605"]
[PlyCount "119"]
[EventDate "1998.01.??"]

1. e4 e5 2. Nf3 Nc6 3. Bc4 Be7 4. d3 d6 5. a3 Bg4 6. Be3 Bg5 7. Bxf7+ Kxf7 8.
Nxg5+ Qxg5 9. Bxg5 Bxd1 10. Kxd1 h6 11. Be3 Nf6 12. h3 a5 13. Nc3 b6 14. f4
exf4 15. Bxf4 g5 16. Be3 g4 17. Rf1 Ke6 18. Nb5 Rac8 19. Nd4+ Nxd4 20. Bxd4
Rhf8 21. Rxf6+ Rxf6 22. Bxf6 Kxf6 23. hxg4 Rg8 24. Kd2 Rxg4 25. Rf1+ Ke5 26.
Rf5+ Ke6 27. Rf2 c5 28. a4 d5 29. exd5+ Kxd5 30. b3 Rb4 31. c4+ Ke5 32. Kc3 h5
33. g3 b5 34. axb5 a4 35. bxa4 Rxa4 36. Rf4 Ra3+ 37. Kd2 Ra2+ 38. Ke3 Ra1 39.
Rh4 Re1+ 40. Kf2 Rd1 41. Rxh5+ Kd6 42. Ke2 Rg1 43. Kf2 Rd1 44. g4 Rxd3 45. Rd5+
Rxd5 46. cxd5 Kxd5 47. Ke3 c4 48. g5 c3 49. Kd3 Kc5 50. Kxc3 Kxb5 51. g6 Kc6
52. g7 Kd6 53. g8=Q Kc6 54. Kc4 Kd6 55. Qf7 Kc6 56. Qf3+ Kd6 57. Qe4 Kd7 58.
Kc5 Kd8 59. Kc6 Kc8 60. Qe8# 1-0